00434nam a2200157Ia 4500003000400000008004100004040001600045082001300061100002500074245005300099260005200152300001000204490002500214650001500239650002200254GCL140319s9999 xx 000 0 eng d aGCL / cGCL04a843bN V1 aNIETZSCHE, FRIEDRICH10aLA VOLONTE DE PUISSANCE / cNIETZSCHE, FRIEDRICH a[S.N] : bLIBRAIRE GENERALE FRANCAISE ، c1991 a604 P aLE LIVRE DE POCHEv004aLITERATURE04aFRENCH LITERATURE